• 首页
  • 本馆介绍
  • 公告通知
  • 最新文献
  • 馆藏检索
  • 电子资源
  • 读者导购
  • 参考咨询
  • 我的图书馆
  • 登录
  • 详细信息显示
  • 放入我的书架
  • 预约/预借图书
  • 作者相关作品
  • 分类相关作品
  • 丛书相关作品
  • 出版社相关作品

书目信息

  • 表格格式
  • 工作单格式
  • 卡片格式
题名:
中药鉴定学实验
    
 
作者: 吴啟南 主编
分册:  
出版信息: 北京   中国医药科技出版社  2019.7
页数: 144页
开本: 29cm
丛书名:
单 册:
中图分类: R282.5
科图分类:
主题词: 中药鉴定学--实验--医学院校--教材
电子资源:
ISBN: 978-7-5214-0276-6
000 01299nam0 2200253 45
001 012001001271
005 20211012151738.05
010    @a978-7-5214-0276-6@dCNY28.00
100    @a20181029d2018 em y0chiy50 ea
101 0  @achi
102    @aCN@b110000
105    @aa z 000yy
106    @ar
200 1  @a中药鉴定学实验@Azhong yao jian ding xue shi yan@b专著@f吴啟南主编
205    @a2版
210    @a北京@c中国医药科技出版社@d2019.7
215    @a144页@c图@d29cm
300    @a全国普通高等中医药院校药学类专业“十三五”规划教材(第二轮规划教材) 供中药学、药学及相关专业使用
330    @a本书分为总论、各论和附录三部分。总论主要介绍中药鉴定的依据、药材和饮片取样法、来源鉴别法、性状鉴别法、显微鉴别法、理化鉴别法、鉴别新技术。各论介绍显微鉴定的基本技能,包括组织制片技术、显微测量技术、显微特征图的绘制及显微摄影技术;对不同种类的中药的鉴别方法设置了二十次实验进行实践操作。此外,教材设置了综合性实验,主要包括对药材和饮片灰分、水分、浸出物测定及杂质检查,中成药鉴别、未知混合粉末鉴别选做实验等。附录包括常用试剂的配制方法和试纸制备方法、中药外源性有害物质测定方法、中药鉴定常用名词术语等内容、中药饮片性状图等。
606 0  @a中药鉴定学@x实验@x医学院校@j教材
690    @aR282.5@v5
701  0 @a吴啟南@Awu qi nan@4主编
801  0 @aCN@bBJSDL@c20211011
905    @b1333711-4@dR282.5@e577=2@f4
    
    中药鉴定学实验/吴啟南主编.-2版.-北京:中国医药科技出版社,2019.7
    144页:图;29cm
    全国普通高等中医药院校药学类专业“十三五”规划教材(第二轮规划教材) 供中药学、药学及相关专业使用
    
    ISBN 978-7-5214-0276-6:CNY28.00
    本书分为总论、各论和附录三部分。总论主要介绍中药鉴定的依据、药材和饮片取样法、来源鉴别法、性状鉴别法、显微鉴别法、理化鉴别法、鉴别新技术。各论介绍显微鉴定的基本技能,包括组织制片技术、显微测量技术、显微特征图的绘制及显微摄影技术;对不同种类的中药的鉴别方法设置了二十次实验进行实践操作。此外,教材设置了综合性实验,主要包括对药材和饮片灰分、水分、浸出物测定及杂质检查,中成药鉴别、未知混合粉末鉴别选做实验等。附录包括常用试剂的配制方法和试纸制备方法、中药外源性有害物质测定方法、中药鉴定常用名词术语等内容、中药饮片性状图等。
●
相关链接 在E读中查询图书 在五车中查询图书 在当当中查询图书 在豆瓣中查询图书


正题名:中药鉴定学实验     索取号:R282.5/577=2         预约/预借

序号 登录号 条形码 馆藏地/架位号 状态 备注
1 1333711   213337110   第二样本阅览室/ [索取号:R282.5/577=2] 在馆    
2 1333712   213337129   第三借阅区/ [索取号:R282.5/577=2] 在馆    
3 1333713   213337138   第三借阅区/ [索取号:R282.5/577=2] 在馆    
4 1333714   213337147   第三借阅区/ [索取号:R282.5/577=2] 在馆    
唐山师范学院图书馆 欢迎您!
大连网信软件有限公司© 版权所有